<?xml version="1.0" encoding="UTF-8"?>
<record
    xmlns:xsi="http://www.w3.org/2001/XMLSchema-instance"
    xsi:schemaLocation="http://www.loc.gov/MARC21/slim http://www.loc.gov/standards/marcxml/schema/MARC21slim.xsd"
    xmlns="http://www.loc.gov/MARC21/slim">

  <leader>02243nam a22003977i 4500</leader>
  <controlfield tag="003">DO-SdBNP</controlfield>
  <controlfield tag="005">20250120102852.0</controlfield>
  <controlfield tag="007">ta</controlfield>
  <controlfield tag="008">091102e1923    dr            000 e spa d</controlfield>
  <datafield tag="020" ind1=" " ind2=" ">
    <subfield code="a">9789945250688</subfield>
  </datafield>
  <datafield tag="040" ind1=" " ind2=" ">
    <subfield code="a">DO-SdBNP</subfield>
    <subfield code="b">spa</subfield>
    <subfield code="c">BNPHU</subfield>
    <subfield code="e">rda</subfield>
  </datafield>
  <datafield tag="082" ind1="0" ind2="4">
    <subfield code="a">972.9303 </subfield>
    <subfield code="b">F385p 2023</subfield>
    <subfield code="2">22</subfield>
  </datafield>
  <datafield tag="100" ind1="1" ind2=" ">
    <subfield code="a">Freites Roque, Arturo,</subfield>
    <subfield code="d"> 1879-1914</subfield>
    <subfield code="e">autor</subfield>
    <subfield code="9">28219</subfield>
  </datafield>
  <datafield tag="245" ind1="1" ind2="0">
    <subfield code="a">El primer viaje del Quijote a Santo Domingo : </subfield>
    <subfield code="b">comercio, cultura pol&#xED;tica y sociedad en La Espa&#xF1;ola del sigloXVII /</subfield>
    <subfield code="c">Joan M. Ferrer Rodr&#xED;guez ; cuidado de edici&#xF3;n, Kary Alba Rocha Arias ; diagramaci&#xF3;n y dise&#xF1;o de cubierta, Harold Fr&#xED;as Maggiolo ; pr&#xF3;logo, Natalia Gonz&#xE1;lez Tejera.</subfield>
  </datafield>
  <datafield tag="250" ind1=" " ind2=" ">
    <subfield code="a">Primera edici&#xF3;n</subfield>
  </datafield>
  <datafield tag="264" ind1=" " ind2="4">
    <subfield code="a">Santo Domingo, Rep&#xFA;blica Dominicana :</subfield>
    <subfield code="b">Archivo General de la Naci&#xF3;n,</subfield>
    <subfield code="c">&#xA9;2023.</subfield>
  </datafield>
  <datafield tag="300" ind1=" " ind2=" ">
    <subfield code="a">104 p&#xE1;ginas :</subfield>
    <subfield code="b">ilustraciones, fotograf&#xED;as ; </subfield>
    <subfield code="c">24 cm. </subfield>
  </datafield>
  <datafield tag="336" ind1=" " ind2=" ">
    <subfield code="2">rdacontent</subfield>
    <subfield code="a">texto</subfield>
    <subfield code="b">txt</subfield>
  </datafield>
  <datafield tag="337" ind1=" " ind2=" ">
    <subfield code="2">rdamedia</subfield>
    <subfield code="a">sin mediaci&#xF3;n</subfield>
    <subfield code="b">n</subfield>
  </datafield>
  <datafield tag="338" ind1=" " ind2=" ">
    <subfield code="2">rdacarrier </subfield>
    <subfield code="a">volumen </subfield>
    <subfield code="b">nc</subfield>
  </datafield>
  <datafield tag="490" ind1="0" ind2=" ">
    <subfield code="a">Publicaciones del Archivo General de la Naci&#xF3;n ; </subfield>
    <subfield code="v">volumen 483</subfield>
  </datafield>
  <datafield tag="500" ind1=" " ind2=" ">
    <subfield code="a">Incluye &#xED;ndice onom&#xE1;stico.</subfield>
  </datafield>
  <datafield tag="500" ind1=" " ind2=" ">
    <subfield code="a">Incluye datos biogr&#xE1;ficos del autor en las solapas.</subfield>
  </datafield>
  <datafield tag="500" ind1=" " ind2=" ">
    <subfield code="a">Incluye referencias bibliogr&#xE1;ficas y notas al pie de las p&#xE1;ginas.</subfield>
  </datafield>
  <datafield tag="505" ind1="2" ind2=" ">
    <subfield code="a">Pr&#xF3;logo. Natalia Gonz&#xE1;lez Tejera, 9.-- Introducci&#xF3;n, 13.-- El autor y su obra, 17.-- De la madrile&#xF1;a calle de Atocha a un olvidado rinc&#xF3;n del Caribe, 27.-- El cargaz&#xF3;n y el registro, 37.-- El tejido social, 49.-- La construcci&#xF3;n de la realidad pol&#xED;tica, 53.-- Aspectos econ&#xF3;micos, 57.-- Conclusi&#xF3;n, 61.-- Los personajes, 63.-- Glosario, 77.-- Ap&#xE9;ndices.
</subfield>
  </datafield>
  <datafield tag="586" ind1=" " ind2=" ">
    <subfield code="a">Premio Nacional de Historia AGN Vetilio Alfau Dur&#xE1;n 2022 : Ensayo</subfield>
  </datafield>
  <datafield tag="590" ind1=" " ind2=" ">
    <subfield code="a">Inventariado, 2024 /LP</subfield>
  </datafield>
  <datafield tag="650" ind1=" " ind2="0">
    <subfield code="a">Novela dominicana</subfield>
    <subfield code="x">Historia</subfield>
    <subfield code="y">Siglo XVII</subfield>
    <subfield code="9">223</subfield>
  </datafield>
  <datafield tag="650" ind1=" " ind2="4">
    <subfield code="a">Nav&#xED;o "Filibote San Pedro" </subfield>
    <subfield code="x">Historia</subfield>
    <subfield code="z">Rep&#xFA;blica Dominicana</subfield>
    <subfield code="x">Comercio </subfield>
    <subfield code="9">67</subfield>
  </datafield>
  <datafield tag="651" ind1=" " ind2=" ">
    <subfield code="a">Rep&#xFA;blica Dominicana</subfield>
    <subfield code="x">Historia</subfield>
    <subfield code="y">Siglo XVII</subfield>
    <subfield code="9">85561</subfield>
  </datafield>
  <datafield tag="700" ind1="1" ind2=" ">
    <subfield code="a">Rocha Arias, Kary Alba,</subfield>
    <subfield code="e">edici&#xF3;n</subfield>
    <subfield code="9">81514</subfield>
  </datafield>
  <datafield tag="700" ind1="1" ind2=" ">
    <subfield code="a">Gonz&#xE1;lez Tejera, Natalia,</subfield>
    <subfield code="e">prologuista </subfield>
    <subfield code="9">55788</subfield>
  </datafield>
  <datafield tag="700" ind1="1" ind2=" ">
    <subfield code="a">Fr&#xED;as Maggiolo, Harold,</subfield>
    <subfield code="e">diagramaci&#xF3;n y dise&#xF1;o de cubierta</subfield>
    <subfield code="9">172</subfield>
  </datafield>
  <datafield tag="910" ind1=" " ind2=" ">
    <subfield code="a">lop&#xE9;rez</subfield>
  </datafield>
  <datafield tag="942" ind1=" " ind2=" ">
    <subfield code="2">ddc</subfield>
    <subfield code="c">LBS1</subfield>
  </datafield>
  <datafield tag="952" ind1=" " ind2=" ">
    <subfield code="0">0</subfield>
    <subfield code="1">0</subfield>
    <subfield code="2">ddc</subfield>
    <subfield code="5">1</subfield>
    <subfield code="7">0</subfield>
    <subfield code="8">PD</subfield>
    <subfield code="a">BNPHU</subfield>
    <subfield code="b">BNPHU</subfield>
    <subfield code="c">HD</subfield>
    <subfield code="d">2024-03-26</subfield>
    <subfield code="e">Donado por Ministerio de Educaci&#xF3;n </subfield>
    <subfield code="l">0</subfield>
    <subfield code="o">BNPHU F-PD 972.9303  F385p 2023</subfield>
    <subfield code="p">2024-3162</subfield>
    <subfield code="r">2024-05-27</subfield>
    <subfield code="w">2024-05-27</subfield>
    <subfield code="y">LBS1</subfield>
  </datafield>
  <datafield tag="952" ind1=" " ind2=" ">
    <subfield code="0">0</subfield>
    <subfield code="1">0</subfield>
    <subfield code="2">ddc</subfield>
    <subfield code="5">1</subfield>
    <subfield code="7">0</subfield>
    <subfield code="8">PD</subfield>
    <subfield code="a">BNPHU</subfield>
    <subfield code="b">BNPHU</subfield>
    <subfield code="c">CT</subfield>
    <subfield code="d">2024-05-28</subfield>
    <subfield code="e">Dep&#xF3;sito Legal / Archivo General de la Naci&#xF3;n</subfield>
    <subfield code="l">0</subfield>
    <subfield code="o">BNPHU F-PD 972.9303 F385p 2023</subfield>
    <subfield code="p">2024-4181</subfield>
    <subfield code="r">2024-07-04</subfield>
    <subfield code="t">e.2</subfield>
    <subfield code="w">2024-07-04</subfield>
    <subfield code="y">LBS1</subfield>
  </datafield>
  <datafield tag="952" ind1=" " ind2=" ">
    <subfield code="0">0</subfield>
    <subfield code="1">0</subfield>
    <subfield code="2">ddc</subfield>
    <subfield code="5">6</subfield>
    <subfield code="7">0</subfield>
    <subfield code="8">DS</subfield>
    <subfield code="a">BNPHU</subfield>
    <subfield code="b">BNPHU</subfield>
    <subfield code="c">CT</subfield>
    <subfield code="d">2024-05-28</subfield>
    <subfield code="e">Dep&#xF3;sito Legal / Archivo General de la Naci&#xF3;n</subfield>
    <subfield code="l">0</subfield>
    <subfield code="o">BNPHU F-DS 972.9303 F385p 2023</subfield>
    <subfield code="p">2024-4182</subfield>
    <subfield code="r">2024-07-04</subfield>
    <subfield code="t">e.3</subfield>
    <subfield code="w">2024-07-04</subfield>
    <subfield code="y">LBS1</subfield>
  </datafield>
  <datafield tag="952" ind1=" " ind2=" ">
    <subfield code="0">0</subfield>
    <subfield code="1">0</subfield>
    <subfield code="2">ddc</subfield>
    <subfield code="5">6</subfield>
    <subfield code="7">0</subfield>
    <subfield code="8">DS</subfield>
    <subfield code="a">BNPHU</subfield>
    <subfield code="b">BNPHU</subfield>
    <subfield code="c">CT</subfield>
    <subfield code="d">2024-05-28</subfield>
    <subfield code="e">Dep&#xF3;sito Legal / Archivo General de la Naci&#xF3;n</subfield>
    <subfield code="l">0</subfield>
    <subfield code="o">BNPHU F-DS 972.9303 F385p 2023</subfield>
    <subfield code="p">2024-4186</subfield>
    <subfield code="r">2024-07-04</subfield>
    <subfield code="t">e.4</subfield>
    <subfield code="w">2024-07-04</subfield>
    <subfield code="y">LBS1</subfield>
  </datafield>
  <datafield tag="999" ind1=" " ind2=" ">
    <subfield code="c">56760</subfield>
    <subfield code="d">56760</subfield>
  </datafield>
</record>
